Nombre de… - De 1 à 100 (Click Quiz) - Statistiques

Statistiques générales
  • Ce quiz a été pris 749 fois
  • Le résultat moyen est 41 sur 100
Statistiques - réponses
Hint Explanation Réponse % Correct
Nombre de mois dans une année Il y a douze mois dans une année : Janvier, Février, Mars, Avril, Mai, Juin, Juillet, Août, Septembre, Octobre, Novembre et Décembre. 12
70%
Nombre d'heures dans une journée Une journée est bien divisée en 24 heures. 24
70%
Nombre de secondes dans une minute 60 secondes correspondent bien à une minute. 60
70%
Nombre de mois d'une grossesse classique La durée de la grossesse peut varier d'une femme à l'autre, mais s'étend généralement sur 9 mois. 9
70%
Nombre de personnes composant un duo Un duo est, par définition, composé de deux personnes. 2
69%
Nombre de saisons dans une année Une année est traditionnellement divisée en quatre saisons : le printemps, l'été, l'automne et l'hiver. 4
69%
Nombre d'années dans un siècle Un siècle est, par définition, une période de 100 années. 100
68%
Nombre considéré comme "portant malheur" pour les plus superstitieux d'entre nous En France, le nombre "13" est souvent considéré comme porteur de mauvais augure. La peur de ce nombre est d'ailleurs appelée "la triskaïdékaphobie". 13
68%
Nombre de jours des mois d'Avril, Juin, Septembre et Novembre Les mois d'Avril, Juin, Septembre et Novembre comportent bien 30 jours. 30
68%
Nombre manquant dans l'expression "Se mettre sur son …" (signifiant s'apprêter pour une occasion spéciale) L'expression populaire est la suivante : "Se mettre sur son trente-et-un". 31
68%
Nombre de faces d’un dé classique Un dé possède traditionnellement six faces. 6
68%
Nombre de jours dans une semaine Une semaine compte sept jours (lundi, mardi, mercredi, jeudi, vendredi, samedi et dimanche). 7
68%
Nombre qui se prononce "Septante" chez les Belges et Suisses notamment "Soixante-dix" se prononce bien "Septante" chez les Belges et Suisses notamment. 70
68%
Nombre ayant "Ninety-one" pour traduction en Anglais "Quatre-vingt-onze" se dit bien "Ninety-one" en Anglais. 91
68%
" XXXIV " en chiffres romains X = 10, I = 1, V = 5. Donc, " XXXIV " = 34. 34
67%
Année associée à la fin de la Seconde Guerre Mondiale : 19... La Seconde Guerre Mondiale s'est déroulée du 1er Septembre 1939 au 02 Septembre 1945. 45
67%
Âge atteint par un nonagénaire Un nonagénaire a, par définition, atteint (ou dépassé) l'âge de 90 ans. 90
67%
Nombre de doigts d'une main Une main comprend généralement cinq doigts (pouce, index, majeur, annulaire et auriculaire). 5
66%
Nombre manquant dans le titre du roman "Le Tour du monde en … jours" de Jules Verne En 1872, Jules Verne publiait son roman "Le Tour du monde en quatre-vingts jours". 80
66%
Nombre ayant "Fifty-seven" pour traduction en Anglais "Cinquante-sept" se dit bien "Fifty-seven" en Anglais. 57
65%
Résultat de la multiplication : 31 x 3 31 x 3 = 93. 93
65%
Nombre manquant dans le titre du récit "Ali Baba et les … Voleurs" Le récit "Ali Baba et les Quarante Voleurs" est issu des contes des Mille et Une Nuits. 40
64%
Nombre qui se prononce "Nonante-quatre" chez les Belges et Suisses notamment "Quatre-vingt-quatorze" se prononce bien "Nonante-quatre" chez les Belges et Suisses notamment. 94
64%
Année associée à la première victoire de la France à la Coupe du Monde de football masculin : 19... Le 12 Juillet 1998, la France remportait sa première Coupe du Monde de football masculin en battant le Brésil (3 - 0). 98
64%
Nombre de joueurs (titulaires) dans une équipe de football Une équipe de football se compose de 11 joueurs (dont un gardien) sur le terrain, et d'au maximum 5 remplaçants sur le banc. 11
63%
Nombre de jours du mois de Février lors d'une année non bissextile Le mois de Février comporte 28 (année non bissextile) ou 29 (année bissextile) jours. 28
63%
Nombre de couleurs primaires Les trois couleurs primaires sont : le rouge, le jaune et le bleu. 3
61%
Nombre manquant dans le nom de l'aire géographique du Nevada où se situe une base militaire secrète : la "Zone …" L'aire géographique du Nevada où se situe une base militaire secrète est bien la "Zone 51". 51
60%
Nombre manquant dans le nom de la route historique des États-Unis reliant Chicago à Santa Monica : la "Route …" La Route 66 est une ancienne route qui reliait, entre 1926 et 1985, Chicago (Illinois) à Santa Monica (Californie). 66
60%
Température du corps humain (en °C) communément admise Chez l'être humain, une température interne de 37 °C est communément admise. 37
58%
Nombre de planètes du Système solaire Les huit planètes du Système solaire sont : Mercure, Vénus, Terre, Mars, Jupiter, Saturne, Uranus, Neptune. 8
58%
Nombre de satellites naturels (aussi appelés "lunes") de la Terre La Terre ne possède qu'un seul satellite naturel : la Lune. 1
57%
Louis de Funès et Hergé nous ont notamment quittés en 1983, soit il y a … ans (à compter de 2026) 2026 - 1983 = 43. 43
57%
Numéro du département de Paris Le département de Paris porte bien le numéro 75. 75
57%
Nombre de commandements que Dieu aurait donnés à Moïse Selon les traditions bibliques, Dieu aurait gravé dix commandements sur deux tables en pierre (appelées "Tables de la Loi"), avant de les remettre à Moïse sur le mont Sinaï. 10
55%
Nombre d'États américains Les États américains sont au nombre de 50. 50
55%
Année associée à la chute du Mur de Berlin : 19... Le Mur de Berlin a séparé Berlin-Est de Berlin-Ouest du 13 Août 1961 au 09 Novembre 1989. 89
55%
Distance (arrondie au km) à parcourir lors d'un marathon La distance officielle à parcourir lors d'un marathon est de 42,195 km. 42
54%
En France, numéro téléphonique du SAMU En France, les principaux numéros d'urgence sont le 15 (SAMU), le 17 (Police Secours) et le 18 (Pompiers). 15
53%
Résultat de la somme : LX + XI L = 50, X = 10, I = 1. Donc "LX + XI" = 60 + 11 = 71. 71
53%
Somme des carrés de 2, 3 et 4 2² + 3² + 4² = 4 + 9 + 16 = 29. 29
52%
Année dont le mois de Mai fut marqué, en France, par d'importants mouvements culturels, sociaux et politiques : 19... Le mois de Mai 1968 a été marqué, en France, par des mouvements de contestation sociale (manifestations, blocus, grèves…) sans précédent. 68
52%
Âge auquel Jim Morrison, Jimi Hendrix, Kurt Cobain ou encore Amy Winehouse sont décédés Ces stars sont toutes décédées tragiquement à l'âge de 27 ans, et font ainsi partie du "Club des 27". 27
51%
" XLVII " en chiffres romains X = 10, L = 50, V = 5, I = 1. Donc, " XLVII " = 47. 47
50%
Nombre de cases d'une grille classique de Sudoku Une grille classique de Sudoku comprend 9 x 9 = 81 cases. 81
50%
Nombre manquant dans le titre du roman "19..." de George Orwell En 1949, George Orwell publiait son roman d'anticipation "1984". 84
49%
Nombre de lettres de l’alphabet latin L'alphabet latin comporte 26 lettres, réparties en 20 consonnes et 6 voyelles. 26
48%
Nombre de cartes (sans les jokers) dans un jeu de cartes standard Un jeu de cartes standard est composé de 52 cartes (+ 2 Jokers), réparties en quatre couleurs : pique, cœur, carreau et trèfle. Chaque couleur comprend 13 cartes : As, 2 à 10, Valet, Dame et Roi. 52
48%
Numéro du département du Rhône Le département du Rhône porte bien le numéro 69. 69
47%
Nombre d'arrondissements de Paris Paris est bien divisée en 20 arrondissements. 20
45%
Nombre de dents que possède, normalement, un adulte En règle générale, les adultes possèdent 32 dents : 8 incisives + 4 canines + 8 prémolaires + 12 molaires (dont 4 dents de sagesse). 32
45%
Âge supposé du Christ lors de sa crucifixion Selon la croyance populaire, Jésus Christ aurait été crucifié à l’âge de 33 ans. 33
45%
Somme des cubes de 2 et 3 23 + 33 = 8 + 27 = 35. 35
45%
Nombre de carrés colorés sur un Rubik’s Cube 3×3 Le Rubik's Cube 3x3 possède 6 faces, chacune constituée de 9 carrés. D'où : 9 x 6 = 54. 54
45%
Résultat de la différence : XC - III X = 10, C = 100, I = 1. Donc "XC - III" = 90 - 3 = 87. 87
45%
Nombre ayant "Sesenta y siete" pour traduction en Espagnol "Soixante-sept" se dit bien "Sesenta y siete" en Espagnol. 67
44%
Nombre solution du rébus : Le rébus peut se lire ainsi : " 4 Vin D'Œuf ", soit 82. 82
42%
Nombre standard de trous sur un parcours de golf Un parcours de golf est traditionnellement composé de 18 trous. 18
41%
Nombre de cases d'un échiquier Un échiquier comprend traditionnellement 8 x 8 = 64 cases. 64
41%
Nombre manquant dans le titre de la chanson "... Luftballons" de Nena Le groupe pop rock ouest-allemand Nena sortait, en 1983, "99 Luftballons". 99
41%
Deux premiers chiffres communs aux numéros des cinq départements français d'Outre-Mer Les codes des départements français d'Outre-Mer commencent tous par "97" : Guadeloupe (971), Martinique (972), Guyane (973), La Réunion (974) et Mayotte (976). 97
40%
" V " est la …ème lettre de l'alphabet latin " V " est bien la 22 ème lettre de l'alphabet latin. 22
37%
Nombre premier compris entre 53 (exclus) et 61 (exclus) Un nombre premier est un nombre qui ne peut être divisé que par 1 et par lui-même. Le nombre premier compris entre 53 (exclus) et 61 (exclus) est donc bien 59. 59
35%
Nombre de paires de chromosomes chez l'être humain Chez l'être humain, chaque cellule possède 46 chromosomes organisés en 23 paires (22 paires de chromosomes non sexuels + une paire de chromosomes sexuels). 23
32%
Numéro du département dont Grenoble est la préfecture Grenoble est la préfecture de l'Isère, département qui porte le numéro 38. 38
32%
Nombre de lignes (hors lignes bis) de métro à Paris Le métro parisien compte 16 lignes, dont 2 lignes bis (la 3 bis et la 7 bis). 14
31%
Année associée à la signature du Traité de Maastricht : 19... Le Traité de Maastricht, marquant la fondation de l'Union européenne, a été signé le 07 Février 1992. 92
31%
Numéro du département dont Toulon est la préfecture Toulon est la préfecture du Var, département qui porte le numéro 83. 83
29%
Emmanuel Macron a été élu Président de la République française en Mai 2017, à l'âge de … ans Emmanuel Macron a été élu Président de la République à l'âge de 39 ans, devenant ainsi le plus jeune chef d'État français depuis Louis-Napoléon Bonaparte (qui a accédé au pouvoir à l'âge de 40 ans). 39
25%
Année associée au début du mandat de Valéry Giscard d'Estaing en tant que Président de la République française : 19... Valéry Giscard d'Estaing a été élu Président de la République le 19 Mai 1974. 74
25%
Année associée au décès du chanteur français Daniel Balavoine : 19... En 1986, Daniel Balavoine décédait dans un tragique accident d'hélicoptère au Mali, lors de la huitième édition du rallye Paris-Dakar. 86
24%
Numéro du département de la Corrèze Le département de la Corrèze porte bien le numéro 19. 19
23%
Numéro du département dont Nevers est la préfecture Nevers est la préfecture de la Nièvre, département qui porte le numéro 58. 58
21%
Nombre de départements en France Métropolitaine La France comprend 101 départements, dont 96 en Métropole et 5 en Outre-Mer. 96
21%
Numéro du département de la Lozère Le département de la Lozère porte bien le numéro 48. 48
20%
Nombre d'arrondissements de Marseille Marseille est bien divisée en 16 arrondissements. 16
17%
Barack Obama fut le …ème Président des États-Unis Le 04 Novembre 2008, Barack Obama devenait le 44 ème Président des États-Unis. 44
17%
Année associée au voyage du premier homme (Youri Gagarine) dans l'espace : 19... Le 12 Avril 1961, le cosmonaute Youri Gagarine devenait - à bord de la fusée Vostok 1 - le premier homme à effectuer un vol dans l'espace. 61
16%
Nombre total de touches sur un piano standard moderne Un piano standard moderne est composé de 88 touches (36 touches noires + 52 touches blanches). 88
15%
Nombre total de syllabes dans un haïku (poème japonais) Au Japon, la structure traditionnelle d'un haïku comprend 3 lignes (ou "vers") : une première ligne de 5 syllabes (ou "mores"), une seconde ligne de 7 syllabes et une troisième ligne de 5 syllabes. 17
13%
Nombre de pays utilisant l'Euro (au 1er janvier 2026) Au 1er janvier 2026, 21 pays ont adopté l'Euro comme monnaie : l'Allemagne, l'Autriche, la Belgique, la Bulgarie, Chypre, la Croatie, l'Espagne, l'Estonie, la Finlande, la France, la Grèce, l'Irlande, l'Italie, la Lettonie, la Lituanie, le Luxembourg, Malte, les Pays-Bas, le Portugal, la Slovaquie et la Slovénie. 21
13%
Numéro de Pikachu dans le Pokédex National Pikachu occupe bien le 25 ème emplacement dans le Pokédex National. 25
13%
Nombre de cartes dans un jeu de Tarot classique Un jeu de Tarot classique se compose de 78 cartes (22 arcanes majeurs + 56 arcanes mineurs). 78
13%
Nombre de numéros (hors numéros "Chance") composant une grille classique de Loto Une grille classique de Loto se compose de 49 numéros "classiques" (de 1 à 49) et de 10 numéros complémentaires, appelés numéros "Chance" (de 1 à 10). 49
12%
Nombre de cases sur le plateau du jeu de l'oie Le plateau du jeu de l'oie comprend traditionnellement 63 cases. 63
11%
Année associée à l'arrivée au pouvoir de Mikhaïl Gorbatchev en URSS : 19... Le 11 mars 1985, Mikhaïl Gorbatchev accédait au poste de Secrétaire général du Comité central du Parti communiste de l'Union soviétique. 85
10%
Nombre de pages de la très grande majorité des albums de Tintin La série comprend 24 albums, dont 22 contiennent 62 pages. 62
9%
Nombre de touches noires sur un piano standard moderne Un piano standard moderne est composé de 36 touches noires et de 52 touches blanches. 36
8%
Indicatif téléphonique international pour appeler la Suisse L'indicatif téléphonique à utiliser pour appeler un numéro en Suisse est le +41. 41
8%
Numéro associé à Valentino Rossi (pilote italien de moto) Surnommé "The Doctor", Valentino Rossi est étroitement lié au numéro 46. Il a choisi ce numéro en hommage à son père, Graziano Rossi, qui le portait également en Championnat du Monde. 46
8%
Nombre de thèses dans l'ouvrage "... thèses" de Martin Luther En 1517, Martin Luther publiait ses "95 thèses". 95
7%
Nombre d'années de mariage correspondant aux noces de palissandre Les noces de palissandre célèbrent 65 années de mariage. 65
6%
Nombre de tomes de la série de mangas "Naruto" La série a effectivement été compilée en un total de 72 tomes. 72
6%
Nombre manquant dans l'adresse du Palais de l'Élysée : "... Rue du Faubourg Saint-Honoré" (Paris) Le Palais de l'Élysée, résidence officielle du Président de la République française, est situé au 55 Rue du Faubourg Saint-Honoré (à Paris). 55
5%
Hauteur (en mètres) du Centre Pompidou-Metz, clin d'œil à la date de création du Centre Pompidou à Paris Avec sa flèche, le Centre Pompidou-Metz culmine à 77 mètres de hauteur (clin d'œil à la date de création du Centre Pompidou à Paris en 1977). 77
5%
Numéro atomique de l'or (métal de transition) L'or, de symbole "Au", est un élément chimique de numéro atomique égal à 79. 79
5%
Numéro atomique de l'iode (halogène) L'iode, de symbole "I", est un élément chimique de numéro atomique égal à 53. 53
4%
Nombre de signataires de la Déclaration d'indépendance des États-Unis (de 1776) Il y aurait bien eu 56 signataires de la Déclaration d'indépendance des États-Unis de 1776. 56
3%
Hauteur (en centimètres de mercure) correspondant à la pression atmosphérique standard 760 mmHg (soit 76 cmHg) correspondent à la pression atmosphérique standard de 1,013 x 105 Pa. 76
3%
Nombre total de livres de la Bible catholique (Ancien et Nouveau Testaments réunis) La Bible catholique se compose de 73 livres (46 de l'Ancien Testament + 27 du Nouveau Testament). 73
2%
Aucun quiz correspondant
Distribution des résultats
% des personnes avec chaque résultat
Percentile par nombre de réponses
Votre historique - résultats
Vous n’avez pas pris ce quiz